[Event "S60119 Premier Quad"]
[Site "CCLA"]
[Date "2016.05.09"]
[Round "?"]
[White "Shannon, Paul D."]
[Black "Catania, Duane"]
[Result "1-0"]
[WhiteElo "1828"]
[BlackElo "1779"]

1. e4 e6 2. d4 d5 3. Nd2 Nf6 4. e5 Nfd7 5. Bd3 c5 6. c3 Nc6 7. Ne2 Qb6 8. 
Nf3 cxd4 9. cxd4 Bb4+ 10. Bd2 Bxd2+ 11. Qxd2 Qb4 12. O-O Qxd2 13. Nxd2 Nb4
14. Bb1 O-O 15. a3 Nc6 16. Bd3 f6 17. f4 f5 18. Rac1 Rf7 19. b4 Nf8 20. 
Nb3 a6 21. Rc3 h6 22. Bb1 Nd7 23. Ba2 Kf8 24. Rfc1 Nb6 25. Nc5 Re7 26. Bb3
Ke8 27. Kf2 Nd7 28. Nd3 Nb6 29. Nc5 Nd7 30. Nxe6 Rxe6 31. Bxd5 Re7 32. 
Bxc6 bxc6 33. Rxc6 Bb7 34. Rd6 Rc8 35. Rxc8+ Bxc8 36. d5 Bb7 37. Nd4 Nxe5 
38. fxe5 Rxe5 39. Re6+ Rxe6 40. Nxe6 g6 41. Nc5 Bc8 42. d6 Kd8 43. g3 g5 
44. Ke3 h5 45. Kd4 f4 46. gxf4 g4 47. Ke3 h4 48. Kf2 Bf5 49. a4 Bb1 50. b5
axb5 51. axb5 1-0

[Event "S60051 Winter Series"]
[Site "CCLA"]
[Date "2016.01.28"]
[Round "?"]
[White "Greco, Tom"]
[Black "Disque, Philip"]
[Result "1/2-1/2"]
[WhiteElo "1668"]
[BlackElo "1663"]

1. d4 e6 2. e4 d5 3. Nd2 c5 4. exd5 Qxd5 5. Qf3 Nf6 6. Qxd5 exd5 7. dxc5 
Bxc5 8. h3 Nc6 9. Nb3 Bb6 10. Bd3 O-O 11. Ne2 Nb4 12. Ned4 Nxd3+ 13. cxd3 
Re8+ 14. Be3 Bd7 15. O-O Rac8 16. Rac1 g6 17. Rfd1 Ba4 18. Rd2 Rxc1+ 19. 
Nxc1 Ba5 20. b4 Bxb4 21. Rb2 Ba3 22. Re2 Bxc1 23. Bxc1 Rxe2 24. Nxe2 Bb5 
25. Bb2 Nd7 26. Nc1 Nc5 27. d4 Nd3 28. Nxd3 Bxd3 29. g4 Bc4 30. a4 Kf8 31.
 a5 Ke7 32. Kg2 Ke6 33. f4 f5 34. Kf3 Bf1 35. h4 b6 36. axb6 axb6 37. g5 
1/2-1/2

[Event "S60051 Winter Series"]
[Site "CCLA"]
[Date "2016.01.28"]
[Round "?"]
[White "Wright, John"]
[Black "Disque, Philip"]
[Result "1/2-1/2"]
[WhiteElo "1608"]
[BlackElo "1663"]

1. e4 e6 2. d4 d5 3. Nd2 dxe4 4. Nxe4 Nd7 5. Nf3 Ngf6 6. Ng3 Be7 7. Bd3 c5
8. c3 cxd4 9. Nxd4 a6 10. O-O Ne5 11. Bc2 Bd7 12. Qe2 Ng6 13. Rd1 Qc7 14. 
Nh5 Nxh5 15. Qxh5 O-O-O 16. g3 Qc5 17. Qe2 Kb8 18. Be3 Qc8 19. Be4 f5 20. 
Bg2 e5 21. Nb3 Bb5 22. Qc2 Rxd1+ 23. Rxd1 Rd8 24. Na5 Rxd1+ 25. Qxd1 Bc6 
26. Nxc6+ bxc6 27. Qb3+ Kc7 28. Bb6+ Kd7 29. Bh3 Kd6 30. Qf7 Bf6 31. b4 
Ne7 32. c4 Qe6 33. c5+ Kd7 34. Qxe6+ Kxe6 35. Bf1 Nd5 36. Ba5 Kd7 37. Bxa6
Nc7 38. Bc4 Nb5 39. a4 Nd4 40. b5 f4 41. b6 Kc8 42. Kf1 g5 43. Bc3 Be7 44.
 Bb4 Nc2 45. Ba6+ Kb8 46. Bc3 Nd4 47. Bb4 Nc2 1/2-1/2

[Event "S60031 Winter Series"]
[Site "CCLA"]
[Date "2016.01.28"]
[Round "?"]
[White "Evans, Stanley W."]
[Black "Ragan, Anthony"]
[Result "1-0"]
[WhiteElo "1882"]
[BlackElo "1822"]

1. e4 e6 2. d4 d5 3. Nc3 dxe4 4. Nxe4 Nd7 5. Nf3 Ngf6 6. Bd3 c5 7. O-O 
Nxe4 8. Bxe4 Nf6 9. Bg5 cxd4 10. Nxd4 Bc5 11. Nb3 Qb6 12. Bxf6 gxf6 13. 
Nxc5 Qxc5 14. Re1 Ke7 15. Qf3 Rd8 16. c3 Rb8 17. Bxh7 Bd7 18. Be4 Bc6 19. 
Bxc6 bxc6 20. Re2 Rd6 21. g3 Rbd8 22. h4 Rd2 23. Rae1 Qd5 24. Qxd5 R8xd5 
25. Kf1 Rd1 26. Rxd1 Rxd1+ 27. Re1 Rd2 28. Re2 Rxe2 29. Kxe2 1-0

[Event "S60031 Winter Series"]
[Site "CCLA"]
[Date "2016.01.28"]
[Round "?"]
[White "Cacas, Alexander"]
[Black "Ragan, Anthony"]
[Result "1/2-1/2"]
[WhiteElo "1865"]
[BlackElo "1822"]

1. e4 e6 2. d4 d5 3. Nd2 dxe4 4. Nxe4 Nd7 5. Nf3 Ngf6 6. Nxf6+ Nxf6 7. Bd3
c5 8. O-O cxd4 9. Nxd4 Bc5 10. Be3 Bb6 11. Bb5+ Bd7 12. Qe2 Bxb5 13. Qxb5+
Qd7 14. Qxd7+ Kxd7 15. Rad1 Ke7 16. Rfe1 Rhd8 17. h3 Kf8 18. c3 Rd7 19. 
Rd2 Rad8 20. Rde2 h6 21. Nf3 Bxe3 22. Rxe3 Rd1 23. Rxd1 Rxd1+ 24. Re1 
Rxe1+ 1/2-1/2

[Event "S60051 Winter Series"]
[Site "CCLA"]
[Date "2016.01.28"]
[Round "?"]
[White "Smiley, William R."]
[Black "Wright, John"]
[Result "1-0"]
[WhiteElo "1563"]
[BlackElo "1608"]

1. e4 e6 2. d4 d5 3. Nc3 Nf6 4. e5 Nfd7 5. Nf3 c5 6. Bb5 Nc6 7. Bxc6 bxc6 
8. O-O cxd4 9. Qxd4 Be7 10. Qg4 g6 11. a3 Bf8 12. Bg5 f6 13. Qxe6+ Be7 14.
 exf6 Nxf6 15. Qxc6+ Bd7 16. Qa6 Ne4 17. Bxe7 Kxe7 18. Nxd5+ Kf7 19. Ne5+ 
Kg7 20. Nxd7 Qxd7 21. Qd3 Qf5 22. Rae1 Rae8 23. f3 Nd6 24. Qxf5 Nxf5 25. 
Rxe8 Rxe8 26. Kf2 Rd8 27. c4 Nd4 28. Re1 Rd7 29. Re7+ Rxe7 30. Nxe7 Nb3 
31. Ke3 Kf6 32. Nc8 a5 33. Nb6 Ke5 34. g3 1-0

[Event "S60099 Regular Quad"]
[Site "CCLA"]
[Date "2016.02.14"]
[Round "?"]
[White "Bearce, Harold L."]
[Black "Catania, Duane"]
[Result "0-1"]
[WhiteElo "1032"]
[BlackElo "1779"]

1. e4 e6 2. d4 d5 3. Nc3 Nf6 4. e5 Nfd7 5. Nf3 c5 6. Be2 Nc6 7. Be3 Be7 8.
 O-O O-O 9. Qd2 cxd4 10. Bxd4 Nxd4 11. Nxd4 Nxe5 12. Rad1 Bd7 13. Nf3 Ng6 
14. Rfe1 Qb6 15. Rb1 Bc5 16. Rf1 Bc6 17. Rfe1 Bxf2+ 0-1

[Event "S60201 Summer Series"]
[Site "CCLA"]
[Date "2016.07.31"]
[Round "?"]
[White "Traxler, Alex"]
[Black "Quirk, Michael"]
[Result "0-1"]
[WhiteElo "2137"]
[BlackElo "2166"]
[Termination "abandoned"]

1. e4 e6 2. Nc3 d5 3. d4 Nf6 4. e5 Nfd7 5. Nf3 c5 6. dxc5 Nc6 7. Bb5 Bxc5 
8. O-O Qc7 9. Bf4 O-O 10. Re1 a6 11. Bxc6 Qxc6 12. Qd2 f6 0-1

[Event "S67029 Gustafson Memorial Open"]
[Site "CCLA"]
[Date "2016.11.20"]
[Round "?"]
[White "Gredescul, Andrea"]
[Black "Quanzaah, Emmanuel"]
[Result "1/2-1/2"]
[WhiteElo "2166"]
[BlackElo "2163"]

1. e4 e6 2. d4 d5 3. Nc3 Nf6 4. e5 Nfd7 5. f4 c5 6. Nf3 Nc6 7. Be3 Be7 8. 
Qd2 O-O 9. O-O-O Qa5 10. dxc5 Bxc5 11. a3 Qb6 12. Bg1 Bxg1 13. Rxg1 Nc5 
14. g4 Ne4 15. Qe1 Nxc3 16. Qxc3 Bd7 17. Qe1 Rfc8 18. Rg3 Rc7 19. Kb1 Rac8
20. Rh3 Ne7 21. Bd3 h6 22. g5 h5 23. Rxh5 Ng6 24. Rd2 Rc4 25. f5 exf5 26. 
Bxc4 Rxc4 27. Qd1 Be6 28. Nd4 Qc5 29. c3 Qc7 30. Qe1 f4 31. Qe2 Qc8 32. 
Nxe6 fxe6 33. Rd4 Qf8 34. Qd3 Qf7 35. Ka2 Rc8 36. Rh3 Rf8 37. c4 dxc4 38. 
Rxc4 f3 39. Rxf3 Qxf3 40. Qxg6 Qd5 41. Qe4 Qxe4 42. Rxe4 Kh7 43. Rd4 Rf7 
44. Rd6 Kg6 45. Rxe6+ Kxg5 46. Re8 Rc7 47. Kb3 Kf5 48. h3 g5 1/2-1/2

[Event "S60041 Winter Series"]
[Site "CCLA"]
[Date "2016.01.28"]
[Round "?"]
[White "Evans, Stanley W."]
[Black "Catania, Duane"]
[Result "1-0"]
[WhiteElo "1882"]
[BlackElo "1779"]

1. e4 e6 2. d4 d5 3. Nc3 Nf6 4. e5 Nfd7 5. f4 c5 6. Nf3 Nc6 7. Be3 Be7 8. 
Qd2 O-O 9. dxc5 Nxc5 10. O-O-O a6 11. Qf2 Qa5 12. Kb1 Na4 13. Nxa4 Qxa4 
14. h4 f6 15. exf6 Bxf6 16. Bc5 Re8 17. Bd3 Nb4 18. Bxb4 Qxb4 19. c3 Bxc3 
20. Qc2 Bf6 21. Bxh7+ Kh8 22. Bg6 Re7 23. Ne5 Bd7 24. Nd3 Qa5 25. Qe2 d4 
26. Ne5 1-0

[Event "S60099 Regular Quad"]
[Site "CCLA"]
[Date "2016.02.14"]
[Round "?"]
[White "Parenteau, Mike"]
[Black "Catania, Duane"]
[Result "1-0"]
[WhiteElo "1618"]
[BlackElo "1779"]

1. e4 e6 2. d4 d5 3. Nc3 Nf6 4. e5 Nfd7 5. f4 c5 6. Nf3 Nc6 7. Be3 cxd4 8.
 Nxd4 Nxd4 9. Bxd4 Bb4 10. Qg4 g6 11. Qf3 Nb6 12. O-O-O Bd7 13. Qe3 Na4 
14. Kb1 Nxc3+ 15. Bxc3 Bxc3 16. Qxc3 Rc8 17. Qd4 Qc7 18. Bd3 Qc5 19. Qxc5 
Rxc5 20. h4 h5 21. Rdg1 Ke7 22. g4 Rcc8 23. gxh5 Rxh5 24. Rg5 Rch8 25. 
Rxh5 Rxh5 26. Rh2 Bc6 27. Kc1 Rh8 28. Kd2 Rd8 29. c3 b5 30. b4 a6 31. Ke3 
Bb7 32. Kd4 Rc8 33. a3 f6 34. Bxg6 Rc4+ 35. Kd3 Rxf4 36. h5 fxe5 37. h6 
e4+ 38. Ke2 Rf8 39. h7 Rh8 40. Rf2 e5 41. Rf7+ Ke6 42. Rg7 Kf6 43. Rg8 Bc8
44. Rxh8 1-0

[Event "S60019 Regular Quad"]
[Site "CCLA"]
[Date "2016.01.27"]
[Round "?"]
[White "Smiley, William R."]
[Black "Capuzzi, Gabriele"]
[Result "0-1"]
[WhiteElo "1563"]
[BlackElo "1613"]

1. e4 e6 2. d4 d5 3. Nc3 dxe4 4. Nxe4 Nd7 5. Nf3 Ngf6 6. Bg5 Be7 7. Ng3 
O-O 8. Bd3 h6 9. Bd2 b6 10. O-O Bb7 11. Re1 Re8 12. c3 Bf8 13. h3 c5 14. 
dxc5 Nxc5 15. Be2 a6 16. Be3 Qc7 17. Qc2 Rad8 18. Rad1 Bd6 19. b4 Nce4 20.
 Nxe4 Nxe4 21. c4 Bxb4 22. Rxd8 Rxd8 23. Rb1 Bc5 24. Bxc5 Qxc5 25. Rf1 a5 
26. Qc1 Qc6 27. Ne5 Qc5 28. Nd3 Qd4 29. Rd1 Nc3 0-1

[Event "S67089 Gustafson Memorial Open"]
[Site "CCLA"]
[Date "2016.11.20"]
[Round "?"]
[White "Stetson, Micah P."]
[Black "Fisher Jr., Arthur"]
[Result "0-1"]
[WhiteElo "1472"]
[BlackElo "1608"]

1. d4 Nf6 2. Nc3 d5 3. Bg5 e6 4. e4 dxe4 5. Nxe4 Be7 6. Bxf6 Bxf6 7. Nf3 
O-O 8. Qd2 Nc6 9. c3 b6 10. Bd3 Bb7 11. O-O-O h6 12. h4 Re8 0-1

[Event "S60159 Server NA Class C Ch"]
[Site "CCLA"]
[Date "2016.05.12"]
[Round "?"]
[White "Stetson, Micah P."]
[Black "Perry, William E."]
[Result "0-1"]
[WhiteElo "1403"]
[BlackElo "1417"]

1. d4 e6 2. Nc3 d5 3. e4 Nf6 4. Bg5 dxe4 5. Nxe4 Be7 6. Bxf6 gxf6 7. Nf3 
f5 8. Ng3 c5 9. Bb5+ Bd7 10. Bxd7+ Qxd7 11. dxc5 Qxd1+ 12. Rxd1 Bxc5 13. 
Rd3 Nc6 14. Ke2 Ke7 15. Re1 Rad8 16. Kf1 Rxd3 17. cxd3 Kf6 18. Ne2 Nb4 0-1

[Event "S60119 Premier Quad"]
[Site "CCLA"]
[Date "2016.05.09"]
[Round "?"]
[White "Haase, F. Philip"]
[Black "Catania, Duane"]
[Result "0-1"]
[WhiteElo "1959"]
[BlackElo "1779"]

1. e4 e6 2. d4 d5 3. Nc3 Nf6 4. Bg5 Bb4 5. e5 h6 6. exf6 hxg5 7. fxg7 Rg8 
8. a3 Bxc3+ 9. bxc3 Qf6 10. h4 gxh4 11. Qh5 Qxg7 12. Qxh4 c5 13. Nf3 Nc6 
14. O-O-O Ne7 15. Qf4 Bd7 16. Bd3 c4 17. Rh7 Qf8 18. Ne5 Rg7 19. Qf6 Rxh7 
20. Bxh7 Nc6 21. Nxf7 Qxa3+ 22. Kb1 Qe7 23. Nd6+ Kd8 24. Qf4 Qxh7 25. Qf8+
Kc7 26. Qxa8 Kxd6 27. Re1 Qf7 28. Qc8 Bxc8 29. Rf1 e5 30. dxe5+ Nxe5 31. 
f4 Ng4 32. f5 Bxf5 33. Kb2 Qg6 34. Rd1 Bxc2 35. Rd4 Bb3 36. Rd2 a5 37. Ka1
b5 38. Kb2 b4 39. cxb4 axb4 40. g3 c3+ 41. Kxb3 cxd2 42. Kxb4 d1=Q 43. Kc3
Qgc2+ 44. Kb4 Qdb1+ 45. Ka5 Qca2# 0-1

[Event "S60099 Regular Quad"]
[Site "CCLA"]
[Date "2016.02.14"]
[Round "?"]
[White "Blankenship, Jerry T."]
[Black "Catania, Duane"]
[Result "1-0"]
[WhiteElo "1675"]
[BlackElo "1779"]

1. e4 e6 2. d4 d5 3. Nc3 Nf6 4. Bg5 Bb4 5. e5 h6 6. exf6 hxg5 7. fxg7 Rg8 
8. a3 Bxc3+ 9. bxc3 Qf6 10. Qg4 Qxg7 11. Qg3 f5 12. h4 c5 13. Qxg5 Qxg5 
14. hxg5 Nc6 15. f4 cxd4 16. c4 Bd7 17. cxd5 exd5 18. Nf3 O-O-O 19. Bd3 
Rde8+ 20. Kf2 Re4 21. g3 Re7 22. Rh6 Rgg7 23. Re1 Ref7 24. Ne5 Rf8 25. Rf6
Rh8 26. Kg2 Ne7 27. Nf7 1-0

[Event "S60319 Regular Quad"]
[Site "CCLA"]
[Date "2017.01.07"]
[Round "?"]
[White "Walsh, Patrick"]
[Black "Acosta, Errol"]
[Result "1-0"]
[WhiteElo "1647"]
[BlackElo "1490"]

1. e4 e6 2. d4 d5 3. Nc3 Nf6 4. Bg5 Be7 5. e5 Ne4 6. Bxe7 Qxe7 7. Nxe4 Nc6
8. Ng3 O-O 9. c3 f6 10. exf6 Qxf6 11. Nf3 e5 12. dxe5 Nxe5 13. Qxd5+ Be6 
14. Qxe5 Qf7 15. Bd3 Bxa2 16. Bxh7+ Kh8 17. O-O Be6 18. Ra4 Rae8 19. Rh4 
1-0

[Event "S60071 Winter Series"]
[Site "CCLA"]
[Date "2016.01.28"]
[Round "?"]
[White "Bearce, Harold L."]
[Black "Williams, Rufus H."]
[Result "0-1"]
[WhiteElo "1032"]
[BlackElo "1375"]

1. e4 e6 2. d4 d5 3. Nc3 Bb4 4. e5 Ne7 5. a3 Ba5 6. b4 Bb6 7. Be3 c6 8. 
Bd3 O-O 9. Nf3 f6 10. Qd2 fxe5 11. O-O exd4 12. Bxd4 Nf5 13. Bxb6 axb6 14.
 Rfe1 Nd7 15. Rxe6 Nf6 16. Re2 b5 17. Qf4 Nh5 18. Qg4 Nf6 19. Bxf5 Nxg4 
0-1

[Event "S60031 Winter Series"]
[Site "CCLA"]
[Date "2016.01.28"]
[Round "?"]
[White "Evans, Stanley W."]
[Black "Cacas, Alexander"]
[Result "1-0"]
[WhiteElo "1882"]
[BlackElo "1865"]

1. e4 e6 2. d4 d5 3. Nc3 Bb4 4. e5 c5 5. a3 Bxc3+ 6. bxc3 Ne7 7. Qg4 Qc7 
8. Bd3 cxd4 9. Ne2 dxc3 10. Qxg7 Rg8 11. Qxh7 Nbc6 12. Bf4 Bd7 13. O-O 
O-O-O 14. Bg3 d4 15. Rab1 Rdf8 16. Qh4 Ng6 17. Bxg6 Rxg6 18. Nxd4 Qa5 19. 
Nb5 b6 20. Rfd1 a6 21. Nd6+ Kc7 22. Nc4 Qc5 23. Nxb6 Rd8 24. Nxd7 Rxd7 25.
 Rxd7+ Kxd7 26. Qh8 Kc7 27. Qa8 Qa7 28. Qxa7+ Nxa7 29. Rb3 Nb5 30. a4 Nd4 
31. Rxc3+ Kb7 32. Kf1 1-0

[Event "S67049 Gustafson Memorial Open"]
[Site "CCLA"]
[Date "2016.11.20"]
[Round "?"]
[White "Anderson, Clarence"]
[Black "Cacas, Alexander"]
[Result "1/2-1/2"]
[WhiteElo "1853"]
[BlackElo "1878"]

1. e4 e6 2. d4 d5 3. Nc3 Bb4 4. e5 c5 5. a3 Bxc3+ 6. bxc3 Ne7 7. Qg4 Qc7 
8. Qxg7 Rg8 9. Qxh7 cxd4 10. Ne2 Nbc6 11. f4 Bd7 12. Qd3 dxc3 13. Qxc3 Nf5
14. Rb1 O-O-O 15. Rg1 d4 16. Qd3 f6 17. g4 Nh4 18. exf6 e5 19. f7 Rxg4 20.
 Rxg4 Bxg4 21. Bh3 Qd7 22. Rb3 Bxh3 23. Qxh3 Qxh3 24. Rxh3 Ng6 25. f5 Nf4 
26. Nxf4 exf4 27. Bxf4 Rf8 28. Rh7 Nd8 29. Bd6 Rxf7 30. Rxf7 Nxf7 31. Bc5 
a6 32. Bxd4 Kd7 33. c3 Kc6 34. Kd2 Kd5 35. Kd3 Nd6 36. f6 Ke6 37. c4 Nf7 
38. Kc3 Ng5 39. Kb4 Kd6 40. Bc5+ Kc6 41. Bf8 Nh7 42. Bg7 Ng5 43. h4 Nf7 
44. h5 b6 45. h6 Ng5 46. h7 Nxh7 47. f7 a5+ 48. Kc3 b5 49. cxb5+ Kxb5 50. 
a4+ Kc5 51. Kd3 Kd5 52. Bc3 1/2-1/2

[Event "S60189 Regular Quad"]
[Site "CCLA"]
[Date "2016.07.31"]
[Round "?"]
[White "Acosta, Errol"]
[Black "Williams, Rufus H."]
[Result "1-0"]
[WhiteElo "1490"]
[BlackElo "1375"]

1. e4 d6 2. d4 e5 3. c3 Nf6 4. Bd3 exd4 5. cxd4 b6 6. f4 Bb7 7. Nc3 Be7 8.
 Nf3 Ba6 9. O-O O-O 10. Re1 Bxd3 11. Qxd3 d5 12. e5 Ne4 13. Nxe4 dxe4 14. 
Qxe4 Na6 15. a3 Rb8 16. f5 c5 17. f6 Bxf6 18. exf6 Qxf6 19. Bg5 Qd6 20. 
Bf4 Qd8 21. Bxb8 Qxb8 22. Ne5 Qc8 23. Rac1 cxd4 24. Rxc8 Rxc8 25. Nxf7 d3 
26. Qe6 1-0

[Event "S60169 Server NA Class D Ch"]
[Site "CCLA"]
[Date "2016.05.12"]
[Round "?"]
[White "Acosta, Errol"]
[Black "Henriques, Keith"]
[Result "1-0"]
[WhiteElo "1494"]
[BlackElo "1250"]

1. e4 e5 2. f4 Nc6 3. Nc3 Nf6 4. Nge2 d6 5. d3 Bg4 6. h3 Bxe2 7. Bxe2 Nd4 
8. O-O d5 9. fxe5 Nd7 10. exd5 Nxe5 11. Bf4 f6 12. Bxe5 Nxe2+ 13. Qxe2 
fxe5 14. Qxe5+ Qe7 15. Qh5+ g6 16. Qf3 O-O-O 17. Rae1 Qc5+ 18. Kh1 c6 19. 
dxc6 Qxc6 20. Ne4 Be7 21. Nc3 Bh4 22. Qxc6+ bxc6 23. Re4 Bg3 24. Ne2 Bd6 
25. Rf7 Rhf8 26. Rxh7 Rf1+ 27. Ng1 Bc5 28. d4 Bd6 29. g3 Rdf8 30. Re2 c5 
31. Kg2 Bxg3 32. Kxg3 Rxg1+ 33. Kh2 Rgf1 34. Rxa7 R8f2+ 35. Rxf2 Rxf2+ 36.
 Kg1 Rxc2 37. dxc5 Rxc5 38. b4 Rc1+ 39. Kh2 Kb8 40. Ra3 Rc2+ 41. Kg3 Rc4 
42. Rb3 g5 43. a4 Kb7 44. Rb1 Rh4 45. Rb3 Kb6 46. Rb2 Kc6 47. Rc2+ Kd5 48.
 Rc5+ Ke4 49. Rc4+ Kd3 50. Rxh4 Kc3 51. Rg4 Kb3 52. b5 Ka3 53. b6 Kb2 54. 
b7 Ka3 55. b8=Q Ka2 56. Rb4 Ka3 57. Rb2 Kxa4 58. Qb4# 1-0

[Event "S60061 Winter Series"]
[Site "CCLA"]
[Date "2016.01.28"]
[Round "?"]
[White "Acosta, Errol"]
[Black "McLaughlin, Ed"]
[Result "0-1"]
[WhiteElo "1490"]
[BlackElo "1633"]

1. e4 e5 2. f4 Nc6 3. Nc3 exf4 4. Nf3 Bc5 5. d4 Bb6 6. Bxf4 d6 7. Bc4 Nce7
8. O-O Be6 9. Bd3 Nf6 10. Ne2 Ng6 11. Be3 h6 12. c3 Qe7 13. Qc2 O-O-O 14. 
Nd2 Ng4 15. Bf2 Nxf2 16. Rxf2 Kb8 17. Raf1 Rde8 18. Kh1 Rhf8 19. Nf4 Nxf4 
20. Rxf4 d5 21. e5 c5 22. Bf5 cxd4 23. cxd4 Rc8 24. Qd3 Qb4 25. Nb3 g5 26.
 Bxe6 fxe6 27. Rf6 Rxf6 28. exf6 Qf8 29. Qg6 a5 30. f7 a4 31. Nc5 Bxc5 32.
 dxc5 Rxc5 33. Qxe6 d4 34. Qe8+ Rc8 35. Re1 Qc5 36. Qxa4 d3 37. Qd1 Qc2 
38. Qf3 d2 39. Rf1 Rf8 40. Qg3+ Kc8 41. Qg4+ Kb8 42. Qg3+ Kc8 43. Qc3+ 
Qxc3 44. bxc3 Rxf7 45. Rd1 Re7 0-1

[Event "S60179 Regular Quad"]
[Site "CCLA"]
[Date "2016.05.12"]
[Round "?"]
[White "Acosta, Errol"]
[Black "Smiley, William R."]
[Result "1-0"]
[WhiteElo "1490"]
[BlackElo "1563"]

1. e4 e5 2. f4 exf4 3. Nf3 g5 4. Nc3 Nc6 5. g3 g4 6. Nh4 f3 7. Bc4 d6 8. 
d4 Bg7 9. O-O Bxd4+ 10. Kh1 Bxc3 11. bxc3 Qe7 12. Nf5 Qxe4 13. Re1 Bxf5 
14. Rxe4+ Bxe4 15. Kg1 f5 16. Bg5 Nce7 17. Qd4 Ng6 18. Qg7 d5 19. Bd3 Bxd3
20. cxd3 1-0

[Event "S60139 Server NA Class A Ch"]
[Site "CCLA"]
[Date "2016.05.12"]
[Round "?"]
[White "Vecchio, Ralph"]
[Black "Shannon, Paul D."]
[Result "1-0"]
[WhiteElo "1839"]
[BlackElo "1828"]

1. e4 Nf6 2. Nc3 e5 3. g3 c6 4. d4 Qa5 5. Bg2 Bb4 6. Ne2 d6 7. a3 Bxc3+ 8.
 Nxc3 O-O 9. Bd2 Qc7 10. Be3 Nbd7 11. f4 Re8 12. Bf3 b6 13. Qe2 Bb7 14. 
O-O-O a6 15. dxe5 dxe5 16. f5 c5 17. g4 Red8 18. g5 Ne8 19. f6 g6 20. h4 
Nf8 21. h5 Rxd1+ 22. Rxd1 Rd8 23. hxg6 Rxd1+ 24. Qxd1 fxg6 25. Nd5 Qd6 26.
 Ne7+ Kf7 27. Qh1 Qe6 28. Qh6 Qa2 29. Nf5 Qe6 30. Ng7 Qd7 31. Nxe8 Kxe8 
32. Qg7 Qf7 33. Be2 Ne6 34. Qh8+ Nf8 35. Qg7 Ne6 36. Qxf7+ Kxf7 37. Bc4 
Bxe4 38. Bxa6 h5 39. gxh6 Kxf6 40. Bc8 Nf8 41. a4 Bf5 42. Bb7 Ne6 43. b4 
g5 44. bxc5 Nd8 45. c6 Kg6 46. Bxb6 1-0

[Event "S60051 Winter Series"]
[Site "CCLA"]
[Date "2016.01.28"]
[Round "?"]
[White "Wright, John"]
[Black "Laaman, Thomas"]
[Result "1/2-1/2"]
[WhiteElo "1608"]
[BlackElo "1633"]

1. e4 e5 2. Nf3 Nf6 3. Nc3 Bb4 4. Bc4 Nc6 5. O-O O-O 6. d3 Bxc3 7. bxc3 d5
8. exd5 Nxd5 9. Qe1 Re8 10. Bb2 Bg4 11. Nd2 Nf4 12. Ne4 Be2 13. Bb3 Bxf1 
14. Qxf1 Na5 15. Ba4 c6 16. c4 f5 17. Nd2 e4 18. d4 Nh3+ 19. gxh3 Qg5+ 20.
 Qg2 Qxd2 21. d5 g6 22. Qg3 Nxc4 23. Bc3 Qxd5 24. Rb1 b5 25. Bb3 Re7 26. 
Ba1 a5 27. Qc3 Kf8 28. Qf6+ Qf7 29. Qxc6 Qe8 30. Qf6+ Rf7 31. Qc3 Qc8 32. 
Bxc4 bxc4 33. Qh8+ Ke7 34. Qe5+ Kf8 35. Qh8+ 1/2-1/2

[Event "S60031 Winter Series"]
[Site "CCLA"]
[Date "2016.01.28"]
[Round "?"]
[White "Evans, Stanley W."]
[Black "Hodgkins, Neil C."]
[Result "1-0"]
[WhiteElo "1882"]
[BlackElo "1462"]

1. e4 e5 2. Nc3 Nf6 3. Bc4 Nxe4 4. Qh5 Nd6 5. Qxe5+ Qe7 6. Qxe7+ Bxe7 7. 
Bb3 Nf5 8. Nf3 c6 9. O-O d5 10. Re1 O-O 11. Ne2 Bd6 12. c3 Na6 13. d4 Bd7 
14. Ne5 Bxe5 15. dxe5 Be6 16. Nd4 Nc5 17. Bc2 Nxd4 18. cxd4 Nd7 19. h3 
Rae8 20. Be3 f6 21. f4 fxe5 22. dxe5 b6 23. Rad1 c5 24. a3 d4 25. Bc1 Bf5 
26. Bxf5 Rxf5 27. g4 Rff8 28. e6 Nf6 29. f5 h6 30. Kg2 Re7 31. Bf4 Rd8 32.
 Kf3 Kh7 33. Be5 a6 34. Bxf6 gxf6 35. Ke4 Kg7 36. b4 Rd6 37. Kd3 Rc6 38. 
Rc1 Kf8 39. Rc2 Ke8 40. Re4 Kd8 41. Rxd4+ cxd4 42. Rxc6 Rb7 43. Kxd4 Ke7 
44. Rc8 1-0

[Event "S60051 Winter Series"]
[Site "CCLA"]
[Date "2016.01.28"]
[Round "?"]
[White "Smiley, William R."]
[Black "Greco, Tom"]
[Result "1/2-1/2"]
[WhiteElo "1563"]
[BlackElo "1668"]

1. e4 e5 2. Nc3 Nf6 3. Bc4 Nc6 4. d3 Na5 5. Bb3 Nxb3 6. axb3 Bb4 7. Nf3 d5
8. O-O Bg4 9. h3 Bxf3 10. Qxf3 dxe4 11. Nxe4 c6 12. Nxf6+ Qxf6 13. Qxf6 
gxf6 14. Bh6 Rg8 15. Be3 a6 16. f4 Ke7 17. c3 Bd6 18. Rae1 Rg7 19. Re2 Kd7
20. d4 exf4 21. Bxf4 Bxf4 22. Rxf4 Rg6 23. Rfe4 1/2-1/2

[Event "S67069 Gustafson Memorial Open"]
[Site "CCLA"]
[Date "2016.11.20"]
[Round "?"]
[White "Siegfried, Will"]
[Black "Avery, Bryce"]
[Result "1-0"]
[WhiteElo "1728"]
[BlackElo "1637"]

1. e4 e5 2. Bc4 Nf6 3. d3 Nc6 4. Nc3 Na5 5. Nge2 Nxc4 6. dxc4 Bb4 7. Qd3 
O-O 8. Bg5 d6 9. O-O-O Be6 10. Nd5 Bxd5 11. cxd5 Bc5 12. Qf3 Qe7 13. Nc3 
a6 14. Rd3 b5 15. Nd1 a5 16. Ne3 Bxe3+ 17. Rxe3 b4 18. Rd1 Rfc8 19. Rdd3 
c5 20. Bxf6 Qxf6 21. Qxf6 gxf6 22. Rh3 Kh8 23. Rdf3 f5 24. Rxf5 Rg8 25. 
Rxf7 Rxg2 26. Rfxh7+ 1-0

[Event "S60269 Regular Quad"]
[Site "CCLA"]
[Date "2016.08.12"]
[Round "?"]
[White "Acosta, Errol"]
[Black "Jimenez, Rachel"]
[Result "1-0"]
[WhiteElo "1490"]
[BlackElo "1366"]

1. e4 e5 2. f4 Bc5 3. Nf3 d6 4. Bc4 Nf6 5. Nc3 Nc6 6. d3 Bg4 7. Ne2 O-O 8.
 c3 exf4 9. Bxf4 Bxf3 10. gxf3 Qe7 11. Qd2 Rad8 12. O-O-O d5 13. d4 Bxd4 
14. Nxd4 dxc4 15. Rhg1 g6 16. Qg2 Nxd4 17. cxd4 Qe6 18. d5 Qb6 19. Bg5 Rd6
20. e5 Rxd5 21. Bxf6 Rb5 22. f4 Qe3+ 23. Kb1 Qxf4 24. Rdf1 Qd4 25. h4 c3 
26. b3 Qd3+ 27. Qc2 Qxc2+ 28. Kxc2 Rc5 29. h5 b5 30. Rf2 b4 31. Rf4 a5 32.
 Rd4 c6 33. Rd7 Rd5 34. Rxd5 cxd5 35. Rd1 gxh5 36. Rxd5 Ra8 37. Rd8+ Rxd8 
38. Bxd8 Kg7 39. Bxa5 h4 40. Bxb4 h3 41. e6 fxe6 42. Bd6 Kg6 43. a4 Kf7 
44. a5 Kg6 45. a6 Kf5 46. Bh2 Kg4 47. a7 1-0

[Event "S60041 Winter Series"]
[Site "CCLA"]
[Date "2016.01.28"]
[Round "?"]
[White "Evans, Stanley W."]
[Black "Strelecky, Rich"]
[Result "1/2-1/2"]
[WhiteElo "1882"]
[BlackElo "1652"]

1. e4 e5 2. Nc3 Nf6 3. Bc4 Nc6 4. d3 Bb4 5. Ne2 d5 6. exd5 Nxd5 7. a3 Nxc3
8. Nxc3 Bxc3+ 9. bxc3 e4 10. Qh5 O-O 11. d4 Nxd4 12. Bb3 Nxb3 13. cxb3 Be6
14. O-O Bxb3 15. Qb5 Qd5 16. Qxd5 Bxd5 17. Bf4 c5 18. a4 h6 19. a5 f6 20. 
Bd6 Rfc8 21. Rfb1 Rc6 22. Bf4 Ra6 23. c4 Bc6 24. Kf1 g5 25. Bd6 Bd5 26. 
cxd5 Rxd6 27. Rxb7 Rxd5 28. Rab1 c4 29. Rc7 Rxa5 30. Rbb7 Ra1+ 31. Ke2 
Ra2+ 32. Ke3 Rc2 33. Rg7+ Kf8 34. Rgf7+ Kg8 35. Rg7+ Kf8 36. Rgf7+ 1/2-1/2

[Event "S60189 Regular Quad"]
[Site "CCLA"]
[Date "2016.07.31"]
[Round "?"]
[White "Acosta, Errol"]
[Black "Martindale, Roger"]
[Result "1-0"]
[WhiteElo "1490"]
[BlackElo "1190"]

1. e4 e5 2. f4 Nf6 3. Nc3 d6 4. Nf3 a6 5. Bc4 h6 6. O-O c5 7. fxe5 b5 8. 
Be2 c4 9. b3 d5 10. exf6 Bc5+ 11. Kh1 Qxf6 12. exd5 Nd7 13. bxc4 Ne5 14. 
cxb5 O-O 15. Nxe5 Qxe5 16. d3 Bd6 17. Bf4 Qxc3 18. Bxd6 Rd8 19. Bg3 Rxd5 
20. Bf3 Bb7 21. Bxd5 Bxd5 22. Qh5 Be6 23. Be5 Qc5 24. Qf3 Qxe5 25. Qxa8+ 
Kh7 26. Qe4+ Qxe4 27. dxe4 axb5 28. c4 Bxc4 29. Rfc1 f6 30. Rxc4 1-0

[Event "S60139 Server NA Class A Ch"]
[Site "CCLA"]
[Date "2016.05.12"]
[Round "?"]
[White "Evans, Stanley W."]
[Black "Vecchio, Ralph"]
[Result "1-0"]
[WhiteElo "1882"]
[BlackElo "1839"]

1. e4 e5 2. Nc3 Nf6 3. f4 d5 4. fxe5 Nxe4 5. Qf3 Nxc3 6. bxc3 Be7 7. d4 
Be6 8. Bd3 Bh4+ 9. g3 Bg5 10. Bxg5 Qxg5 11. Rb1 b6 12. Ne2 c6 13. O-O Nd7 
14. Nf4 O-O-O 15. Ba6+ Kb8 16. c4 Bg4 17. Qa3 c5 18. Nxd5 Be6 19. Qa4 Nxe5
20. dxe5 Bxd5 21. cxd5 Qe3+ 22. Rf2 Qd4 23. Qxd4 cxd4 24. Rxf7 Rxd5 25. 
Rb7+ 1-0